| 000 | 01250nam a22002655i 4500 | ||
|---|---|---|---|
| 001 | 158030 | ||
| 003 | ES-MaACL | ||
| 005 | 20250907063119.0 | ||
| 008 | 960320s1893 sp a |||| | spa d | ||
| 040 |
_aGA _bspa _cCCPB | SIC |
||
| 100 | 1 |
_aLópez Ferreiro, Antonio, _d1837-1910 _973640 |
|
| 245 | 1 | 3 |
_aEl Pórtico de la Gloria _b: estudio sobre este célebre monumento de la basilica compostelana / _cpor el M.I. Sr. Licenciado D. Antonio López Ferreiro... ; dibujos de A. Bar ; grabados de E. Mayer. |
| 250 | _a2ª ed. | ||
| 260 |
_aSantiago : _b[s.n.], _c1893 ( _fImp. y Enc. del Seminario C. Central) |
||
| 300 |
_a155, [2] p., [1] f. pleg. : _bil. ; _c28 cm. |
||
| 597 | _aIlustraciones xil. | ||
| 597 | _aUna h. pleg. y un alzado y vista general del Pórtico, firmado por E. Mayer" e "Angel Bar" | ||
| 600 | 1 | 4 |
_aMateo _cMaestro. _9149303 |
| 650 | 4 |
_aPórtico de la Gloria (Catedral de Santiago de Compostela) _9150988 |
|
| 650 | 4 |
_aEscultura románica- _zGalicia. _9150989 |
|
| 700 | 1 |
_aBar, Angel. _9157051 |
|
| 700 | 1 |
_aMayer, E. _cil. _9129755 |
|
| 852 |
_aES-MaACL _jT-840-F-12 _z-- Enc. hol. deteriorado _q-- Falto de la vista alzada del Pórtico de la Gloria _z-- Enc. en un vol. facticio |
||
| 999 |
_c158030 _d158030 |
||